| 000 | 00777pam a2200265 a 4500 | ||
|---|---|---|---|
| 001 | 31993 | ||
| 005 | 20230410132626.0 | ||
| 008 | 821228s1976 ag b 001 0 spa | ||
| 035 | _9(DLC) 82023419 | ||
| 035 | _a1861434 | ||
| 010 | _a82023419 | ||
| 040 |
_aDLC _cDLC _dDLC |
||
| 050 | 1 | 4 |
_aPS 1888 _bM383n 1976 |
| 082 | 0 | 0 |
_a813/.3 _219 |
| 100 | 1 | _aMartin, Terence. | |
| 245 | 1 | 0 |
_aNathaniel Hawthorne / _cby Terence Martin. |
| 250 | _aRev. ed. | ||
| 260 |
_aBoston : _bTwayne Publishers, _cc1976. |
||
| 300 |
_a221 p. ; _c22 cm. |
||
| 440 | 0 |
_aTwayne's United States authors series ; _vTUSAS 75 |
|
| 504 | _aBibliography: p. 196-216. | ||
| 500 | _aIncludes index. | ||
| 600 | 1 | 0 |
_aHawthorne, Nathaniel, _d1804-1864 _xCriticism and interpretation. |
| 942 |
_2lcc _cbk |
||
| 999 |
_c84908 _d84908 |
||